Критерий прогнозирования золотого оруденения на Синюхинском скарновом месторождении; Геологическое строение и полезные ископаемые западной части Алтае-Саянской горной области : новые данные о геологии и полезных ископаемых западной части Алтае-Саянской области

التفاصيل البيبلوغرافية
Parent link:Геологическое строение и полезные ископаемые западной части Алтае-Саянской горной области : новые данные о геологии и полезных ископаемых западной части Алтае-Саянской области.— 1995.— С. 278-281
المؤلف الرئيسي: Ворошилов В. Г. Валерий Гаврилович
مؤلفون آخرون: Ананьев Ю. С. Юрий Сергеевич, Коротких С. А.
الملخص:В фонде НТБ ТПУ отсутствует
اللغة:الروسية
منشور في: 1995
الموضوعات:
التنسيق: MixedMaterials فصل الكتاب
KOHA link:https://koha.lib.tpu.ru/cgi-bin/koha/opac-detail.pl?biblionumber=597412

MARC

LEADER 00000naa0a2200000 4500
001 597412
005 20250205142439.0
035 |a (RuTPU)RU\TPU\tpu\20677 
090 |a 597412 
100 |a 20120206d1995 k y0rusy50 ca 
101 0 |a rus 
102 |a RU 
200 1 |a Критерий прогнозирования золотого оруденения на Синюхинском скарновом месторождении  |f В. Г. Ворошилов, Ю. С. Ананьев, С. А. Коротких 
333 |a В фонде НТБ ТПУ отсутствует 
463 |t Геологическое строение и полезные ископаемые западной части Алтае-Саянской горной области : новые данные о геологии и полезных ископаемых западной части Алтае-Саянской области  |o сборник материалов научно-практической конференции, Новокузнецк, 1995 г.  |v С. 278-281  |d 1995 
610 1 |a труды учёных ТПУ 
700 1 |a Ворошилов  |b В. Г.  |c геолог  |c профессор Томского политехнического университета, доктор геолого-минералогических наук  |f 1952-  |g Валерий Гаврилович  |3 (RuTPU)RU\TPU\pers\26072  |9 11910 
701 1 |a Ананьев  |b Ю. С.  |c российский геолог  |c доцент Томского политехнического университета, кандидат геолого-минералогических наук  |f 1966-  |g Юрий Сергеевич  |3 (RuTPU)RU\TPU\pers\26228  |4 070  |9 12016 
701 1 |a Коротких  |b С. А. 
801 1 |a RU  |b 63413507  |c 20120206 
942 |c BK